header

Educational psychology : (Record no. 261937)

MARC details
000 -LEADER
fixed length control field 00667nam a22002057a 4500
003 - CONTROL NUMBER IDENTIFIER
control field OSt
005 - DATE AND TIME OF LATEST TRANSACTION
control field 20231128115505.0
008 - FIXED-LENGTH DATA ELEMENTS--GENERAL INFORMATION
fixed length control field 231128b xxu||||| |||| 00| 0 eng d
010 ## - LIBRARY OF CONGRESS CONTROL NUMBER
LC control number 2008038797
020 ## - INTERNATIONAL STANDARD BOOK NUMBER
International Standard Book Number 9780135016688 (pbk.)
International Standard Book Number 0135016681 (pbk.)
040 ## - CATALOGING SOURCE
Original cataloging agency DLC
Transcribing agency DLC
Modifying agency DLC
050 ## - LIBRARY OF CONGRESS CALL NUMBER
Classification number LB1051
Item number .E463 2010
100 ## - MAIN ENTRY--PERSONAL NAME
Personal name Eggen, Paul D.,
Dates associated with a name 1940-
245 ## - TITLE STATEMENT
Title Educational psychology :
Remainder of title Windows on classrooms /
Statement of responsibility, etc Paul Eggen, Don Kauchak.
250 ## - EDITION STATEMENT
Edition statement 8th Edn.
260 ## - PUBLICATION, DISTRIBUTION, ETC. (IMPRINT)
Place of publication, distribution, etc Upper Saddle River, NJ, 2009 :
Name of publisher, distributor, etc Pearson/Merrill/Prentice Hall,
Date of publication, distribution, etc 2009, c2010.
300 ## - PHYSICAL DESCRIPTION
Extent 1 v. (various pagings) :
Other physical details col. ill. ;
Dimensions 28 cm.
942 ## - ADDED ENTRY ELEMENTS (KOHA)
Source of classification or shelving scheme Library of Congress Classification
Koha item type Long Loan Books
Holdings
Withdrawn status Lost status Source of classification or shelving scheme Damaged status Not for loan Collection code Home library Current library Shelving location Date acquired Total Checkouts Full call number Barcode Date last seen Price effective from Koha item type
    Library of Congress Classification     Non-fiction Rongo University Library Rongo University Library General Stacks 28/11/2023   LB1051 .E463 2010 20142553 28/11/2023 28/11/2023 Long Loan Books

© 2026 Rongo University
Contact us: librarian | system librarian | Rongo university